Angel of Small Death & the Codeine Scene - Hozier (All Lyrics) - Statistics

General Stats
  • This quiz has been taken 21 times
  • The average score is 209 of 301
Answer Stats
Lyrics % Correct
a
100%
and
100%
of
100%
the
100%
The
100%
angel
94%
codeine
94%
death
94%
scene
94%
so
94%
small
88%
hair,
82%
She's
82%
sweet
82%
to
82%
her
76%
I
76%
me
76%
With
76%
with
76%
WIth
76%
blonde
71%
mean
71%
my
71%
straw
71%
tongue
71%
be
65%
breath,
65%
breath
65%
in
65%
In
65%
boyful
59%
Feeling
59%
It's
59%
it's
59%
or
59%
sweetened
59%
abuse
53%
arms
53%
between
53%
but
53%
from
53%
kin,
53%
lean
53%
love
53%
No
53%
no
53%
some
53%
somewhere
53%
watch
53%
work
53%
alive
47%
all
47%
bold
47%
could
47%
down
47%
fertile
47%
Fresh
47%
hard
47%
heart
47%
Heat
47%
I'm
47%
joyful
47%
more
47%
mouth,
47%
on
47%
Shaking
47%
terrible
47%
their
47%
Toying
47%
wretched
47%
youths
47%
at
41%
bloody
41%
Calling
41%
devotion
41%
disowned
41%
feet
41%
fields,
41%
Freshly
41%
frozen
41%
human
41%
I'll
41%
lay
41%
raw,
41%
rest
41%
that
41%
them
41%
were
41%
wings
41%
alone
35%
concrete
35%
flesh
35%
hooked
35%
if
35%
join
35%
judgement
35%
myself
35%
now
35%
reason's
35%
better
29%
confusion,
29%
defeat
29%
having
29%
jarring
29%
like
29%
Oh,
29%
oh,
29%
oh
29%
open
29%
shortage
29%
survived
29%
swear
29%
Wonder
29%
fetor
24%
leash-less
24%
protest
24%
sordid,
24%
stray
24%
wander
24%
Lurched
18%
No matching quizzes found
Score Distribution
Percent of People with Each Score
Percentile by Number Answered
Your Score History
You have not taken this quiz